000 00839nam a2200205 u 4500
001 000350173
003 AM-YeHGA
005 20250617131322.0
008 040709s1979 ai r 000 0 arm d
040 _aAM-YeHGA
041 1 _aarm
_hpol
245 1 0 _aԳանձերս տիեզերքում :
_bՎիպակ /
_cՄ. Բելիցկի; Լեհ. թարգմ.՝ Մ. Գրոխոլսկա; Խմբ.՝ Հ. Դանիելյան; Նկ.՝ Գ. Յարալյան.
260 _aԵրևան :
_bՍովետական գրող,
_c1979.
300 _a188 էջ :
_bնկ. ;
_c20 սմ.
650 1 4 _aԼեհական գրականություն
_xՎիպակ
700 1 _aԳրոխոլսկա, Մարիա.
_eթարգմ.
_4trl
700 1 _aԴանիելյան, Հ.Հ.
_eխմբ.
_4edt
700 1 _aՅարալյան, Գեորգի Յակովի,
_d1927-
_eնկ.
_4art
090 _c135267
999 _c133900
_d133900